[Event "Titled Tuesday intern op 07th Jan Early"]
[Site "Chess.com INT"]
[Date "2025.01.07"]
[Round "3"]
[White "Rodchenkov, Sergey D"]
[Black "Wirig, Anthony"]
[Result "0-1"]
[WhiteElo "2346"]
[BlackElo "2430"]
[PlyCount "142"]
[EventDate "2025.01.07"]
[EventType "swiss (blitz)"]
[EventRounds "11"]
[EventCountry "USA"]
[SourceTitle "CB03_2025"]
[SourceDate "2025.01.15"]
[SourceVersion "1"]
[SourceVersionDate "2025.01.15"]
[SourceQuality "1"]

1. e4 g6 2. d4 Bg7 3. Nc3 c6 4. Nf3 d5 5. h3 dxe4 6. Nxe4 Nf6 7. Nxf6+ exf6 8. Bd3 0-0 9. 0-0 Nd7 10. Re1 Nb6 11. c4 Re8 12. Rxe8+ Qxe8 13. b3 Be6 14. Be3 Qd7 15. a4 Nc8 16. Qc2 Ne7 17. Re1 Nf5 18. Bxf5 Bxf5 19. Qc3 a6 20. a5 Re8 21. Bd2 Be4 22. Qe3 Re6 23. Qf4 Bxf3 24. Rxe6 fxe6 25. gxf3 e5 26. dxe5 fxe5 27. Qg5 Qxh3 28. Qd8+ Bf8 29. Bb4 Qxf3 30. Bxf8 Qxf8 31. Qd7 Qf7 32. Qd8+ Kg7 33. Qd6 g5 34. Qxe5+ Kg6 35. Qe4+ Kh6 36. Qe5 Kh5 37. Kg2 h6 38. Qh2+ Kg6 39. Qd6+ Qf6 40. Qd7 Qf7 41. Qd6+ Kh7 42. Qe5 Qd7 43. Qf6 Qg4+ 44. Kf1 Qd1+ 45. Kg2 Qg4+ 46. Kf1 Qh3+ 47. Ke2 Qd7 48. Ke3 Qg7 49. Qf5+ Kh8 50. Qc8+ Kh7 51. Qf5+ Kg8 52. Qc8+ Qf8 53. Qe6+ Kg7 54. Qe5+ Kg6 55. Qc7 Qf7 56. Qd6+ Kh5 57. Qh2+ Kg6 58. Qd6+ Qf6 59. Qc7 Qc3+ 60. Ke2 Qc2+ 61. Kf1 Qb1+ 62. Kg2 Qxb3 63. Qd6+ Kf5 64. Qe7 Qxc4 65. Qf8+ Ke5 66. Qe7+ Kd4 67. Qxb7 Qd5+ 68. Kg1 Qb5 69. Qd7+ Kc4 70. Qe6+ Kb4 71. Qxh6 Kxa5 0-1

[Event "Titled Tuesday intern op 30th Jul Early"]
[Site "Chess.com INT"]
[Date "2024.07.30"]
[Round "1"]
[White "Rodchenkov, Sergey D"]
[Black "Donatti, Alvaro"]
[Result "1-0"]
[WhiteElo "2346"]
[BlackElo "2193"]
[PlyCount "83"]
[EventDate "2024.07.30"]
[EventType "swiss (blitz)"]
[EventRounds "11"]
[EventCountry "USA"]
[SourceTitle "EXT 2025"]
[Source "ChessBase"]
[SourceDate "2024.10.14"]
[SourceVersion "1"]
[SourceVersionDate "2024.10.14"]
[SourceQuality "1"]

1. e4 c5 2. Nf3 e6 3. d4 cxd4 4. Nxd4 a6 5. Nc3 Qc7 6. Bd3 Nc6 7. Nxc6 bxc6 8. Qe2 e5 9. 0-0 Nf6 10. Kh1 Be7 11. f4 0-0 12. fxe5 Qxe5 13. Rf5 Qd4 14. e5 Ne8 15. Rf4 Qb6 16. Ne4 d5 17. exd6 Nxd6 18. Nxd6 Bxd6 19. Bxh7+ Kxh7 20. Qd3+ Kg8 21. Rh4 g6 22. Be3 Qd8 23. Rd4 Bf5 24. Qd2 Qb6 25. Rxd6 Qxb2 26. Rc1 Qe5 27. Bf4 Qe4 28. Rf1 Rfe8 29. h3 Bxh3 30. Rf3 Qe1+ 31. Qxe1 Rxe1+ 32. Kh2 Bg4 33. Rc3 Re2 34. Kg3 Bf5 35. Rdxc6 Be4 36. Be5 Rxg2+ 37. Kf4 f5 38. Rc7 Rf2+ 39. Kg5 Rg2+ 40. Kf6 Rf8+ 41. Ke6 Re8+ 42. Kd6 1-0

[Event "Titled Tuesday intern op 30th Jul Early"]
[Site "Chess.com INT"]
[Date "2024.07.30"]
[Round "11"]
[White "Rodchenkov, Sergey D"]
[Black "Radzimski, Antoni"]
[Result "1/2-1/2"]
[WhiteElo "2346"]
[BlackElo "2038"]
[PlyCount "126"]
[EventDate "2024.07.30"]
[EventType "swiss (blitz)"]
[EventRounds "11"]
[EventCountry "USA"]
[SourceTitle "EXT 2025"]
[Source "ChessBase"]
[SourceDate "2024.10.14"]
[SourceVersion "1"]
[SourceVersionDate "2024.10.14"]
[SourceQuality "1"]

1. e4 e5 2. Nf3 Nc6 3. Bc4 Nf6 4. d3 Be7 5. 0-0 0-0 6. Nc3 d6 7. a4 Be6 8. Re1 Nb4 9. a5 h6 10. Bd2 c5 11. Ne2 Bxc4 12. dxc4 Nxe4 13. Bxb4 cxb4 14. Qd5 Nc5 15. Nc1 Qd7 16. Nd3 Nxd3 17. cxd3 Qc6 18. Nd2 Qxd5 19. cxd5 Rfc8 20. Ra4 Rc5 21. Rxb4 Rxd5 22. Rxb7 Rxd3 23. Rxe7 Rxd2 24. Rb7 Rc8 25. b4 Rcc2 26. Rf1 Rb2 27. g3 Rd4 28. b5 Rd5 29. Rc1 Rbxb5 30. Rc8+ Kh7 31. Rxf7 e4 32. a6 Ra5 33. Rcc7 Rg5 34. Rxa7 h5 35. Kg2 d5 36. Ra8 Rg6 37. a7 Rga6 38. Rd8 Kg6 39. Rfd7 Rxa7 40. Rxa7 Rxa7 41. Rxd5 Re7 42. h4 e3 43. fxe3 Rxe3 44. Rg5+ Kh6 45. Ra5 g6 46. Kh3 Kg7 47. Rb5 Kf6 48. Ra5 Re2 49. Rb5 Ra2 50. Rc5 Rb2 51. Ra5 Re2 52. Rc5 Re5 53. Rxe5 Kxe5 54. g4 Kf4 55. gxh5 gxh5 56. Kh2 Kg4 57. Kg2 Kxh4 58. Kh2 Kg4 59. Kg2 h4 60. Kh2 h3 61. Kh1 Kg3 62. Kg1 h2+ 63. Kh1 Kh3 1/2-1/2

[Event "Titled Tuesday intern op 23rd Jul Early"]
[Site "Chess.com INT"]
[Date "2024.07.23"]
[Round "8"]
[White "Bobomurodova, Maftuna"]
[Black "Rodchenkov, Sergey D"]
[Result "0-1"]
[WhiteElo "1829"]
[BlackElo "2346"]
[PlyCount "86"]
[EventDate "2024.07.23"]
[EventType "swiss (blitz)"]
[EventRounds "11"]
[EventCountry "USA"]
[SourceTitle "EXT 2025"]
[Source "ChessBase"]
[SourceDate "2024.10.14"]
[SourceVersion "1"]
[SourceVersionDate "2024.10.14"]
[SourceQuality "1"]

1. e4 c5 2. Nf3 d6 3. Bb5+ Nd7 4. 0-0 a6 5. Bd3 Ngf6 6. c3 b5 7. Bc2 Bb7 8. Qe2 e6 9. d4 Be7 10. Rd1 Qc7 11. Bf4 0-0 12. h3 Rac8 13. Bb3 Nxe4 14. Nbd2 Nxd2 15. Rxd2 cxd4 16. Nxd4 Nc5 17. Bg3 g6 18. Bc2 e5 19. Nf3 Kg7 20. h4 Bf6 21. Ng5 h6 22. Nf3 Rcd8 23. Re1 Rfe8 24. h5 g5 25. Bf5 Ne6 26. Nh2 Nf4 27. Bxf4 exf4 28. Qxe8 Rxe8 29. Rxe8 Qc6 30. Be4 Qxe8 31. Bxb7 Qe1+ 32. Nf1 g4 33. Rxd6 a5 34. Bc6 b4 35. cxb4 axb4 36. b3 Be5 37. Rd7 g3 38. fxg3 fxg3 39. Bb5 Qf2+ 40. Kh1 Bd4 41. Rxd4 Qxd4 42. Nxg3 Qh4+ 43. Kg1 Qxg3 0-1

[Event "Titled Tuesday intern op 23rd Jul Early"]
[Site "Chess.com INT"]
[Date "2024.07.23"]
[Round "7"]
[White "Rodchenkov, Sergey D"]
[Black "Elsness, Frode"]
[Result "1-0"]
[WhiteElo "2346"]
[BlackElo "2418"]
[PlyCount "91"]
[EventDate "2024.07.23"]
[EventType "swiss (blitz)"]
[EventRounds "11"]
[EventCountry "USA"]
[SourceTitle "EXT 2025"]
[Source "ChessBase"]
[SourceDate "2024.10.14"]
[SourceVersion "1"]
[SourceVersionDate "2024.10.14"]
[SourceQuality "1"]

1. e4 c6 2. d4 d5 3. exd5 cxd5 4. Bd3 Nc6 5. c3 Nf6 6. h3 e5 7. dxe5 Nxe5 8. Nf3 Nxd3+ 9. Qxd3 Bd6 10. 0-0 0-0 11. Be3 Bc7 12. Nbd2 Qd6 13. Bd4 Bd7 14. Be5 Qc6 15. Rfe1 Rae8 16. Qd4 Bb6 17. Qh4 Ne4 18. Nxe4 dxe4 19. Rxe4 f6 20. Rc4 Qd5 21. Bg3 g5 22. Rd4 Bxd4 23. Qxd4 Bc6 24. Qxa7 Re2 25. b3 Qd3 26. Qd4 Qf5 27. Qc4+ Bd5 28. Qxe2 Rc8 29. Nd4 Qd7 30. c4 Bxc4 31. bxc4 Qxd4 32. Rc1 Kg7 33. Qe7+ Kg6 34. Qe2 Rc6 35. Qe3 Qb2 36. Qd3+ Kg7 37. Re1 Qb4 38. Qd7+ Kg6 39. Re7 Qxc4 40. Rg7+ Kh5 41. Rxh7+ Kg6 42. Kh2 Qc2 43. h4 gxh4 44. Rxh4 Rc4 45. Qh7+ Kg5 46. Qh5# 1-0

[Event "Titled Tuesday intern op 02nd Jan Early"]
[Site "Chess.com INT"]
[Date "2024.01.02"]
[Round "3"]
[White "Lesbekova, Asel"]
[Black "Rodchenkov, Sergey D"]
[Result "1-0"]
[WhiteElo "1805"]
[BlackElo "2346"]
[PlyCount "67"]
[EventDate "2024.01.02"]
[EventType "swiss (blitz)"]
[EventRounds "11"]
[EventCountry "USA"]
[SourceTitle "EXT 2025"]
[Source "ChessBase"]
[SourceDate "2024.10.14"]
[SourceVersion "1"]
[SourceVersionDate "2024.10.14"]
[SourceQuality "1"]

1. e4 c5 2. Nf3 d6 3. d4 cxd4 4. Qxd4 Nc6 5. Bb5 a6 6. Bxc6+ bxc6 7. 0-0 e5 8. Qe3 Qc7 9. c4 Nf6 10. h3 h6 11. Nc3 Be6 12. b3 Be7 13. Ba3 0-0 14. Rfd1 Rfd8 15. Rac1 a5 16. Nd5 cxd5 17. cxd5 Qb7 18. dxe6 fxe6 19. Rc4 Bf8 20. Rdc1 Rd7 21. Nh4 d5 22. Ra4 Bxa3 23. Rxa3 Nxe4 24. Ng6 d4 25. Qe2 Rc8 26. Rxc8+ Qxc8 27. Rxa5 d3 28. Qxe4 d2 29. Qxe5 d1Q+ 30. Kh2 Qd6 31. Qxd6 Qe8 32. Qc6 Qf7 33. Qc8+ Kh7 34. Nf8+ 1-0

[Event "Titled Tuesday intern op 10th Oct Early"]
[Site "Chess.com INT"]
[Date "2023.10.10"]
[Round "5"]
[White "Vaglio Munoz, Jaime"]
[Black "Rodchenkov, Sergey D"]
[Result "0-1"]
[WhiteElo "2174"]
[BlackElo "2346"]
[PlyCount "66"]
[EventDate "2023.10.10"]
[EventType "swiss (blitz)"]
[EventRounds "11"]
[EventCountry "USA"]
[SourceTitle "EXT 2025"]
[Source "ChessBase"]
[SourceDate "2024.10.14"]
[SourceVersion "1"]
[SourceVersionDate "2024.10.14"]
[SourceQuality "1"]

1. Nf3 d5 2. c4 dxc4 3. e3 Nf6 4. Bxc4 a6 5. a4 e6 6. 0-0 c5 7. d4 Nc6 8. dxc5 Qc7 9. Qe2 Bxc5 10. b3 0-0 11. Bb2 e5 12. h3 Bf5 13. Nc3 Rad8 14. e4 Be6 15. Nd5 Nxd5 16. exd5 Bxd5 17. Bxd5 Rxd5 18. Rac1 Qe7 19. Qe4 Rfd8 20. Rfe1 f6 21. Nh4 Rd2 22. Nf5 Bxf2+ 23. Kh1 Qd7 24. Ba3 Bxe1 25. Rxe1 Rd1 26. Kh2 Rxe1 27. Qg4 g6 28. Nh6+ Kg7 29. Qh4 Qd1 30. Ng4 Rh1+ 31. Kg3 Rd3+ 32. Ne3 Rxe3+ 33. Kf2 Qe1# 0-1

[Event "Titled Tuesday intern op 03rd Oct Early"]
[Site "Chess.com INT"]
[Date "2023.10.03"]
[Round "10"]
[White "Rodchenkov, Sergey D"]
[Black "Jaskolka, Tomasz"]
[Result "0-1"]
[WhiteElo "2346"]
[BlackElo "2222"]
[PlyCount "108"]
[EventDate "2023.10.03"]
[EventType "swiss (blitz)"]
[EventRounds "11"]
[EventCountry "USA"]
[SourceTitle "EXT 2025"]
[Source "ChessBase"]
[SourceDate "2024.10.14"]
[SourceVersion "1"]
[SourceVersionDate "2024.10.14"]
[SourceQuality "1"]

1. e4 d5 2. exd5 Nf6 3. Nc3 Nxd5 4. Nf3 Nxc3 5. bxc3 g6 6. h4 Bg4 7. Be2 Bg7 8. Rb1 b6 9. Ng5 Bxe2 10. Qxe2 Qd5 11. 0-0 Nc6 12. c4 Nd4 13. Qd3 Qd6 14. Ba3 c5 15. c3 Ne6 16. Qxd6 exd6 17. Rfe1 Ke7 18. Re2 h6 19. Nxe6 fxe6 20. Rbe1 e5 21. f3 Kd7 22. Re4 Rhf8 23. Rg4 Rf6 24. h5 g5 25. d3 Rf4 26. Re4 Raf8 27. Bc1 Rxg4 28. Rxg4 Rb8 29. a4 a6 30. Bxg5 hxg5 31. Rxg5 Bf6 32. Rg6 Ke7 33. g4 e4 34. dxe4 Bxc3 35. f4 b5 36. cxb5 axb5 37. axb5 Rxb5 38. g5 Bd4+ 39. Kg2 c4 40. f5 c3 41. f6+ Ke6 42. Rg7 Rxg5+ 43. Rxg5 c2 44. f7 c1Q 45. Rg6+ Kxf7 46. Rg3 Qg1+ 47. Kh3 Qh1+ 48. Kg4 Kf6 49. Rf3+ Ke6 50. Rf5 Qxe4+ 51. Kg5 Be3+ 52. Kg6 Qxf5+ 53. Kg7 Qf7+ 54. Kh8 Bd4# 0-1

[Event "Titled Tuesday intern op 03rd Oct Early"]
[Site "Chess.com INT"]
[Date "2023.10.03"]
[Round "4"]
[White "Rodchenkov, Sergey D"]
[Black "Schrik, Rachid"]
[Result "1-0"]
[WhiteElo "2346"]
[BlackElo "2176"]
[PlyCount "75"]
[EventDate "2023.10.03"]
[EventType "swiss (blitz)"]
[EventRounds "11"]
[EventCountry "USA"]
[SourceTitle "EXT 2025"]
[Source "ChessBase"]
[SourceDate "2024.10.14"]
[SourceVersion "1"]
[SourceVersionDate "2024.10.14"]
[SourceQuality "1"]

1. e4 c5 2. Nf3 Nc6 3. d4 cxd4 4. Nxd4 e5 5. Nb5 d6 6. c4 Be6 7. N1c3 a6 8. Na3 Rc8 9. Be3 Nf6 10. Be2 Be7 11. 0-0 0-0 12. f3 Ne8 13. Qd2 h6 14. g3 Bh3 15. Rfd1 f5 16. exf5 Bxf5 17. Nd5 Bg5 18. f4 exf4 19. gxf4 Bf6 20. Bf3 Kh8 21. Rac1 Bh7 22. Kh1 Ne7 23. Nb6 Rb8 24. c5 d5 25. Nxd5 Nxd5 26. Bxd5 Qe7 27. Bg2 Nc7 28. Nc4 Rbe8 29. Re1 Be4 30. Nd6 Bxg2+ 31. Qxg2 Rd8 32. b4 Qd7 33. Rcd1 Qa4 34. Bd4 Bxd4 35. Rxd4 Nb5 36. Nf7+ Rxf7 37. Rxd8+ Kh7 38. Qe4+ 1-0

[Event "Titled Tuesday intern op 03rd Oct Early"]
[Site "Chess.com INT"]
[Date "2023.10.03"]
[Round "11"]
[White "Rodchenkov, Sergey D"]
[Black "Tsyhanchuk, Stanislav"]
[Result "0-1"]
[WhiteElo "2346"]
[BlackElo "2273"]
[PlyCount "66"]
[EventDate "2023.10.03"]
[EventType "swiss (blitz)"]
[EventRounds "11"]
[EventCountry "USA"]
[SourceTitle "EXT 2025"]
[Source "ChessBase"]
[SourceDate "2024.10.14"]
[SourceVersion "1"]
[SourceVersionDate "2024.10.14"]
[SourceQuality "1"]

1. e4 c5 2. Nf3 d6 3. d4 cxd4 4. Nxd4 Nf6 5. Nc3 a6 6. Be3 e5 7. Nb3 Be6 8. f3 Nbd7 9. Qd2 b5 10. Nd5 Nxd5 11. exd5 Bf5 12. a4 bxa4 13. Na5 Nb6 14. Nc6 Qc7 15. c4 Be7 16. Qa5 Nxd5 17. cxd5 Qd7 18. Qxa4 0-0 19. Bxa6 Bd3 20. Nxe7+ Qxe7 21. Qc6 Qh4+ 22. Kd2 Bxa6 23. Rxa6 Qb4+ 24. Kc2 Rac8 25. Kb1 Rxc6 26. dxc6 Qb5 27. Ra3 Qxc6 28. Rc1 Qb5 29. Rcc3 f5 30. Rab3 Qf1+ 31. Rc1 Qxg2 32. Rd3 Qxf3 33. Rdc3 f4 0-1